Countries With the Highest Home Ownership Rates - Statistics

General Stats
  • This quiz has been taken 32 times
  • The average score is 10 of 20
Answer Stats
Country Home Ownership Rate % Correct
Russia 84.0%
68%
China 90.0%
65%
Norway 82.8%
65%
Poland 83.5%
65%
Spain 78.2%
61%
India 86.6%
58%
Latvia 80.2%
58%
Lithuania 89.4%
58%
Estonia 81.5%
55%
Mexico 80.0%
55%
Romania 96.4%
55%
Hungary 86.3%
52%
Slovakia 90.3%
48%
Bulgaria 82.3%
45%
Croatia 89.7%
39%
Cuba 90.0%
35%
Singapore 90.7%
32%
Thailand 80.0%
32%
Malta 80.0%
29%
Oman 83.0%
10%
No matching quizzes found
Score Distribution
Percent of People with Each Score
Percentile by Number Answered
Your Score History
You have not taken this quiz